Micaela : (Record no. 42)

MARC details
000 -LEADER
fixed length control field 01915cam a22005053a 4500
001 - CONTROL NUMBER
control field 16357816
003 - CONTROL NUMBER IDENTIFIER
control field OSt
005 - DATE AND TIME OF LATEST TRANSACTION
control field 20230602095838.0
008 - FIXED-LENGTH DATA ELEMENTS--GENERAL INFORMATION
fixed length control field 880728s1855 it 000 1 ita d
010 ## - LIBRARY OF CONGRESS CONTROL NUMBER
LC control number 2010658314
020 ## - INTERNATIONAL STANDARD BOOK NUMBER
International Standard Book Number 9966744207
035 ## - SYSTEM CONTROL NUMBER
System control number (CStRLIN)VAUP88-B623
040 ## - CATALOGING SOURCE
Original cataloging agency ViU
Transcribing agency ViU
Modifying agency DLC
041 0# - LANGUAGE CODE
Language code of text/sound track or separate title ita
050 00 - LIBRARY OF CONGRESS CALL NUMBER
Classification number ML48
Item number [S2261]
082 ## - DEWEY DECIMAL CLASSIFICATION NUMBER
Classification number 324.204
Item number OCH
100 1# - MAIN ENTRY--PERSONAL NAME
Personal name Cortesi, Francesco,
Dates associated with a name 1826-1904.
Relator code cmp
240 10 - UNIFORM TITLE
Uniform title Micaela.
Version Libretto.
Language of a work Italian
245 10 - TITLE STATEMENT
Title Micaela :
Remainder of title melodramma serio in tre atti /
Statement of responsibility, etc. di Domenico Micciarelli ; musica del maestro Francesco Cortesi ; da rappresentarsi nel reale teatro di Parma il carnevale 1855.
260 ## - PUBLICATION, DISTRIBUTION, ETC. (IMPRINT)
Place of publication, distribution, etc. Parma :
Name of publisher, distributor, etc. Per Alessandro Stocchi stampatore del R. teatro,
Date of publication, distribution, etc. [1855?]
300 ## - PHYSICAL DESCRIPTION
Extent 37, [3] p. ;
Dimensions 17 cm.
500 ## - GENERAL NOTE
General note U.S. RISM Libretto Project.
500 ## - GENERAL NOTE
General note La musica e la poesia essendo di proprietà esclusiva di Antonio Lanari ..."--p. 2.
500 ## - GENERAL NOTE
General note Personaggi: MARIA DI BORGOGNA. Dall'Anese Luisa -- MICAELA. Adelaide Cortesi -- ROLANDO. de-Giovanni Francesco -- OLIVIERO. Domenech Lorenzo -- IL PRINCIPE MASSIMILIANO. Pardini Gaetano -- ARRIGO. Cortopassi Giacomo
518 ## - DATE/TIME AND PLACE OF AN EVENT NOTE
Date/time and place of an event note Performance: Parma, Teatro Regio, 1855.
650 #0 - SUBJECT ADDED ENTRY--TOPICAL TERM
Topical term or geographic name as entry element Operas
Form subdivision Librettos.
653 ## - INDEX TERM--UNCONTROLLED
Uncontrolled term Maria di Borgogna
653 ## - INDEX TERM--UNCONTROLLED
Uncontrolled term Micaela
653 ## - INDEX TERM--UNCONTROLLED
Uncontrolled term Rolando
653 ## - INDEX TERM--UNCONTROLLED
Uncontrolled term Oliviero
653 ## - INDEX TERM--UNCONTROLLED
Uncontrolled term Massimiliano
653 ## - INDEX TERM--UNCONTROLLED
Uncontrolled term Arrigo
653 ## - INDEX TERM--UNCONTROLLED
Uncontrolled term Imelda
720 1# - ADDED ENTRY--UNCONTROLLED NAME
Name Zambelli, Carolina.
Relator code voc
720 1# - ADDED ENTRY--UNCONTROLLED NAME
Name Micciarelli, Domenico.
Relator code lbt
720 1# - ADDED ENTRY--UNCONTROLLED NAME
Name Dall'Anese, Luisa.
Relator code voc
720 1# - ADDED ENTRY--UNCONTROLLED NAME
Name Cortesi, Adelaide.
Relator code voc
720 1# - ADDED ENTRY--UNCONTROLLED NAME
Name De Giovanni, Francesco.
Relator code voc
720 1# - ADDED ENTRY--UNCONTROLLED NAME
Name Domenech, Lorenzo.
Relator code voc
720 1# - ADDED ENTRY--UNCONTROLLED NAME
Name Pardini, Gaetano.
Relator code voc
720 1# - ADDED ENTRY--UNCONTROLLED NAME
Name Cortopassi, Giacomo.
Relator code voc
856 41 - ELECTRONIC LOCATION AND ACCESS
Path musschatz
Electronic name 11709
Uniform Resource Identifier <a href="http://hdl.loc.gov/loc.music/musschatz.11709">http://hdl.loc.gov/loc.music/musschatz.11709</a>
906 ## - LOCAL DATA ELEMENT F, LDF (RLIN)
a 7
b cbc
c copycat
d 3
e ncip
f 20
g y-genmusic
942 ## - ADDED ENTRY ELEMENTS (KOHA)
Source of classification or shelving scheme Dewey Decimal Classification
Koha item type Books
Holdings
Withdrawn status Lost status Source of classification or shelving scheme Damaged status Not for loan Home library Current library Date acquired Total Checkouts Full call number Barcode Date last seen Price effective from Koha item type
    Dewey Decimal Classification     Bunge Tower Library Bunge Tower Library 06/02/2023   324.204 OCH 10015794 06/02/2023 06/02/2023 Books
    Dewey Decimal Classification     Bunge Tower Library Bunge Tower Library 06/05/2023   324.204 OCH 10015795 06/05/2023 06/05/2023 Books
LIBRARY OPENING HOURS

When the Parliament is sitting: 8.00a.m - 7.00p.m or until the house adjourns
Mondays and Fridays and when the House is on Recess:  8.00a.m - 5.00p.m
Closed on Weekends and Public Holidays

Online Public Access Catalog (OPAC)
Website: http://www.parliament.go.ke
Bunge Library: https://libraryir.parliament.go.ke
Contact: library@parliament.go.ke | Tel no: (254-2)2221291 or 2848000 Ext 5043